Nové fyzikálno-chemické metódy a spôsoby čistenia objektov bakalárska práca

Gespeichert in:
Bibliographische Detailangaben
1. Verfasser: Haberová, Katarína
Format: Buch
Sprache:Slowakisch
Veröffentlicht: Bratislava STU FCHPT 2014
Online-Zugang:Im OPAC anzeigen
Tags: Tag hinzufügen
Keine Tags, Fügen Sie das erste Tag hinzu!

MARC

LEADER 00000nam a2200000 a 4500
005 20260127134149.0
008 141015 2014 000 0 slo d
035 |a vtls010628194 
039 9 |y 201410151009  |z mschk03 
040 |a STUSCHK1  |b slo  |c STUSCHK1  |e AACR2 
100 1 |a Haberová, Katarína 
245 1 |a Nové fyzikálno-chemické metódy a spôsoby čistenia objektov  |b bakalárska práca  |c Katarína Haberová 
260 |a Bratislava  |b STU FCHPT  |c 2014 
300 |a 58 s.  |b il.  |c 30 cm 
500 |a Obhájené: 15.07.2014 
500 |a Štud. program: technológia polymérnych materiálov 
500 |a Štud. odbor: chemické technológie 
500 |a Školiace pracovisko: Odd. chemickej technológie dreva, celulózy a papiera 
500 |a Evid. číslo: FCHPT-13569-43373 
910 |a SCHK95 
999 |c 5570  |d 5570